[Event "Aruba m2"]
[Site "Aruba"]
[Date "1995.??.??"]
[Round "4"]
[White "Polgar, Judit"]
[Black "Piket, Jeroen"]
[Result "1-0"]
[WhiteElo "2635"]
[BlackElo "2625"]
[Annotator "Blatny,P"]
[PlyCount "93"]
[EventDate "1995.10.??"]
[EventType "match"]
[EventRounds "8"]
[EventCountry "NAU"]
[SourceTitle "CBM 050"]
[Source "ChessBase"]
[SourceDate "1996.02.01"]
[SourceVersion "1"]
[SourceVersionDate "1996.02.01"]
[SourceQuality "1"]

1. e4 {Hecht} e5 2. Nf3 Nc6 3. d4 exd4 4. Nxd4 Nf6 5. Nxc6 bxc6 6. e5 Qe7 7.
Qe2 Nd5 8. c4 Nb6 9. Nc3 (9. Nd2 Bb7 10. b3 O-O-O 11. Bb2 d6 12. exd6 Qxd6 13.
O-O-O Qg6 14. Nf3 Bd6 15. Ne5 Qh6+ 16. Qe3 Bxe5 17. Rxd8+ Rxd8 18. Bxe5 Qg6 19.
g3 f6 $2 20. Bh3+ Kb8 21. Bxc7+ Kxc7 22. Qf4+ $18 {Leko,P-Janahi,Z/WchJM U14
Duisburg (05) ;TD 92\06 1992}) 9... Qe6 $146 (9... a5 10. Qe4 g6 11. Bd3 Bg7
12. f4 O-O 13. O-O d5 $2 (13... Bb7 $142) 14. cxd5 cxd5 15. Nxd5 Qc5+ 16. Be3
$1 Qxd5 17. Bxb6 Qxe4 18. Bxe4 cxb6 19. Bxa8 Ba6 20. Bd5 Bxf1 21. Kxf1 $16 {
_|_ Yakovich,Y-Sokolov,I/Oviedo 25' (11) ;EXP 38 1993}) (9... Bb7 10. Bf4 $6 (
10. f4) 10... O-O-O 11. O-O-O h6 12. h4 Qe6 13. Rh3 Ba6 $15 {Arnold,L-Ketterer,
C/Baden Baden op (07) ;TD 93\06 1993}) (9... Ba6 10. Qe4 Qe6 11. b3 Bb4 12. Bd2
Bxc3 13. Bxc3 d5 14. Qf3 (14. cxd5 cxd5 15. Qb4 Bxf1 16. Rxf1 Nd7 $10) 14...
dxc4 15. Be2 O-O 16. O-O Rad8 17. Rfe1 Rfe8 18. Rac1 c5 19. Bf1 Nd5 20. bxc4
Nb4 $1 (20... Nxc3 $2 21. Qxc3 Rd4 22. Qa3 $1) 21. Bxb4 (21. a3 Na2 $1) 21...
cxb4 22. Qe3 {1/2-1/2 Ljubojevic,L-Spassky,B/Montreal (06) ;MCL 02 1979}) 10.
Qe4 Bb4 (10... Ba6 $142 {-- 9...Ba6}) 11. Bd2 a5 (11... Ba6 $1 12. b3 (12. c5
$6 Nc4 (12... Bxf1 13. cxb6 Bc4 (13... Bxg2 $2 14. Qxg2 Qxe5+ 15. Kd1 $16) 14.
bxc7 Ba5 15. f4 $13) 13. Bxc4 Bxc4 14. f4 Bxc3 15. Bxc3 Bxa2 $15) 12... Bxc3 {
--9...Ba6}) 12. f4 d5 (12... Bxc3 13. Bxc3 d5 14. Qc2 dxc4 15. Be2 $14 {
^^,קc4,c6,c7}) 13. exd6 cxd6 (13... Bxc3 14. Qxe6+ Bxe6 15. Bxc3 cxd6 16. Rd1
Ke7 17. b3 f6 18. g3 {/\Bg2+/=}) 14. O-O-O Qxe4 15. Nxe4 d5 16. cxd5 cxd5 17.
Bxb4 axb4 (17... dxe4 18. Bc5 $14) 18. Nd6+ Ke7 19. Nxc8+ Rhxc8+ 20. Kb1 Ra5 (
20... Kd6 21. Bd3 h6 22. Rhe1 Re8 $10) 21. Rd4 $1 b3 $2 (21... Nc4 $142 22.
Bxc4 Rxc4 $10) 22. a3 Ra4 $6 (22... Nc4) 23. Rd3 Re4 (23... Rxf4 24. Rxb3 $16 {
_|_ o^a+b}) 24. Rxb3 Re1+ 25. Ka2 Nc4 26. g3 $1 Nd2 (26... Ne3 $2 27. Ba6 Rxh1
28. Rxe3+ Kd7 29. Bxc8+ Kxc8 30. Re7 (30. Rd3) 30... d4 31. Kb3 d3 32. Kc3 Rxh2
33. Rxf7 d2 34. Kc2 d1=Q+ 35. Kxd1 Rxb2 36. Rxg7 $18) (26... Kd6 27. Rd3 (27.
Bg2 Re2 28. Bf3 Rf2) 27... Ne3 28. Bh3 $16) 27. Rb7+ Kd6 28. Rd7+ $1 Kxd7 29.
Bb5+ Kd6 30. Rxe1 $18 {_|_} Nf3 31. Rd1 (31. Re2 $5 Nd4 32. Re8 Rc2 33. Rd8+
Ke6 (33... Kc5 34. Be8 Rxh2 35. Bxf7 $18) 34. Ba6 Rxh2 35. Bc8+ Ke7 36. Rxd5
$18 {_|_}) 31... Nxh2 32. Be2 $1 Rc2 $8 33. Bd3 Rg2 34. a4 $2 (34. Be4 $1 Rxg3
35. Rxd5+ Ke6 36. a4 $18) 34... Rxg3 35. a5 Re3 36. b4 Ng4 37. Bf1 (37. a6 $4
Nf2 38. a7 Re8 {/\Ra8-+}) 37... Re4 38. Rb1 Ne3 39. Bd3 Rxf4 $2 (39... Rd4 $142
$1 40. Rb3 Nc4 $132 (40... h5 $5)) 40. Kb3 $1 Nc4 (40... Kc7 41. b5 Nc4 42.
Bxc4 Rxc4 (42... dxc4+ 43. Kc3 {/\b6+,a6+ +-}) 43. Ra1 $1 Rc5 44. b6+ Kb8 45.
Kb4 $18 {_|_}) 41. Bxc4 dxc4+ {Hecht:T-T Motive: 2 verbundene weiter
vorgeschobene Freibauern vs 4 Freibauern. Leichter Gewinn!? Bessere
Verteidigung möglich? Analyse!} (41... Rxc4 42. a6 (42. Ra1 Kc7 $1 43. b5 (43.
a6 Kb8 44. a7+ Ka8 45. b5 Rc5 46. Kb4 Rc4+ 47. Kb3 Rc5 $10) (43. Rd1 Kc6) 43...
Kb8 $1 (43... Rc5 44. b6+ $1 Kc6 45. a6 $18) 44. b6 (44. a6 Rc8 45. Kb4 d4 $1
46. b6 (46. Rd1 Rd8 47. b6 (47. Kc5 Ka7 $1 (47... d3 48. Kc6 d2 49. a7+ Ka8 $1
(49... Kxa7 $4 50. Kc7 $18) 50. b6 Rc8+ 51. Kb5 Rc2 52. Rf1 $1 f6 53. Rh1 h6
54. Rg1 g5 (54... Rc1 $4 55. Ka6 Rc6 56. Rxg7 $18) 55. Rf1 Kb7 56. Rxf6 Rb2+
57. Kc5 Rc2+ 58. Kb5 $10) 48. Re1 $1 d3 49. Re7+ Ka8 50. b6 d2 51. Ra7+ $10)
47... d3 48. Rd2 Rd5 49. Kc4 Ra5 50. Rxd3 Rxa6 51. Kb5 Ra1 52. Rd8+ Kb7 53.
Rd7+ Kc8 54. Rxf7 Rb1+ $10) 46... d3 47. Re1 d2 48. Re7 Rd8 49. Rb7+ $10) 44...
Rc8 45. Kb4 d4 46. a6 d3 47. Re1 d2 48. Re7 Rd8 $8 49. Rb7+ $10) 42... Kc7 43.
Ra1 $1 (43. Rd1) 43... Kb8 44. b5 Rc8 45. b6 d4 $10) 42. Ka4 Kc6 $6 (42... Kc7
$142 43. Kb5 $1 (43. b5 c3+ 44. Kb3 Kb7 $1 45. Kxc3 (45. a6+ Kb6 46. Ra1 c2 $1
47. Kxc2 (47. a7 $2 c1=Q $1) 47... Rc4+ 48. Kb3 Rc7 49. Kb4 Re7 $17) 45... Ra4
$17) 43... c3 (43... Kb7 44. a6+ Ka7 45. Ka5 Rf5+ 46. b5 c3 47. Re1 c2 48. Re7+
Ka8 (48... Kb8 49. a7+ Ka8 50. Ka6 Rf6+ 51. b6 $18) 49. Rc7 $18) 44. Rc1 Rf3
45. Ka6 Kb8 (45... h5 46. b5 Kb8 47. Re1 c2 48. Re8+ Kc7 49. b6+ Kd7 50. Re1
Rb3 51. Rc1 Rb2 52. Kb7 $18) 46. b5 Re3 47. b6 h5 48. Rd1 Re8 49. Rd7 h4 $1 $10
) (42... Re4 $5 43. b5 Kc7 44. b6+ Kb8 45. a6 Re8 $13 {Hecht: weißer Gewinn
mit Tb1-d1 /\Td7? Analyse!}) 43. b5+ Kc5 $2 (43... Kb7 $8 44. Re1 c3+ 45. Kb3
Rf5 46. Re7+ Kc8 $10 {_|_}) 44. b6 c3+ 45. Ka3 $1 $18 Rf3 (45... c2 46. Rc1
Rf3+ (46... Kb5 47. b7 Ra4+ 48. Kb2 Rb4+ 49. Kc3 Kc5 50. a6 $18) (46... Kc6 47.
Rxc2+ Kb7 48. Rc7+ $18) 47. Ka2 $1 Kd6 $1 48. a6 (48. b7 $4 Kc7 49. a6 Rc3 50.
Kb2 Rc6 51. Ra1 c1=Q+ $1 52. Rxc1 Rxc1 53. Kxc1 h5 $19) 48... Rf5 49. b7 Ra5+
50. Kb3 $18) 46. Kb3 Kc6 47. Kc2 $1 (47. Kc2 Kb7 48. a6+ Kb8 49. a7+ Kb7 50.
Ra1 $18) 1-0

[Event "Tilburg"]
[Site "Tilburg"]
[Date "1994.??.??"]
[Round "2"]
[White "Ivanchuk, Vassily"]
[Black "Smyslov, Vassily V"]
[Result "1/2-1/2"]
[WhiteElo "2695"]
[BlackElo "2510"]
[Annotator "Blatny,P"]
[PlyCount "57"]
[EventDate "1994.09.??"]
[EventType "k.o."]
[EventRounds "7"]
[EventCountry "NED"]
[SourceTitle "CBM 044"]
[Source "ChessBase"]
[SourceDate "1995.02.01"]
[SourceVersion "1"]
[SourceVersionDate "1995.02.01"]
[SourceQuality "1"]

1. e4 e5 2. Nf3 Nc6 3. d4 exd4 4. Nxd4 Bc5 5. Be3 Qf6 (5... Bb6 6. Nf5 Bxe3 7.
Nxe3 Nf6 8. Nc3 O-O 9. g3 $1 d6 10. Bg2 Bd7 11. O-O (11. h3 Qc8 12. g4 $5 $36)
11... Qc8 12. Re1 Bh3 13. Bh1 Re8 14. Qd2 a6 15. Rac1 Qb8 (15... b5 16. Ned5
Nxd5 17. Nxd5 {/\c4+/-}) 16. Ned5 Nxd5 17. Nxd5 Ne7 18. Nf4 (18. c4 Nxd5 19.
cxd5 $14) 18... Be6 {Sveshnikov-Barle/Ljubljana/1994/} 19. c4 Nc6 $14) 6. c3
Qg6 $5 7. Qe2 (7. Nb5 Bxe3 8. Nxc7+ Kd8 9. Nxa8 Bf4 10. Qf3 Bh6 (10... Bb8 $5)
(10... Be5 $5) 11. Qe2 (11. Be2 Nf6 $40) 11... Nf6 (11... Qd6 $5 {/\Qb8}) 12.
f3 Re8 {/\d5->}) 7... Nxd4 $5 (7... Bxd4) 8. Bxd4 (8. cxd4 Bb4+ 9. Bd2 Bxd2+ (
9... Be7) 10. Nxd2 Qb6 $1 11. Nf3 d6 {+/=/=}) 8... Bxd4 9. cxd4 Ne7 10. Nc3 O-O
11. O-O-O c6 12. Qe3 d5 13. f3 (13. e5 f6 14. f4 fxe5 15. dxe5 Nf5 16. Qd2 d4
$132) 13... dxe4 14. fxe4 Bg4 $10 15. Rd2 Rad8 16. h3 Bc8 (16... Be6 17. g4 $36
) 17. Bc4 (17. g4 Rfe8 {/\Nd5}) 17... b5 18. Bb3 a5 19. Rf1 b4 20. Na4 Be6 $1
21. Nc5 Bxb3 22. axb3 (22. Qxb3 Qh6 $13) (22. Nxb3 Qe6 $5 (22... a4) 23. Kb1 f5
$132) 22... f5 23. e5 (23. exf5 Rxf5 $13) 23... Nd5 24. Qd3 Nc7 25. Rdf2 Ne6
26. Qc4 (26. Nxe6 Qxe6 27. Rxf5 Rxf5 28. Rxf5 Rxd4 $10 {_|_}) 26... Rd5 27.
Nxe6 Qxe6 28. g4 f4 29. Kb1 (29. Rxf4 $4 Rxf4 30. Rxf4 Qh6 $19) (29. Kb1 g5 $10
) 1/2-1/2

[Event "Altensteig"]
[Site "Altensteig"]
[Date "1994.??.??"]
[Round "5"]
[White "Har Zvi, Ronen"]
[Black "Almasi, Zoltan"]
[Result "1-0"]
[WhiteElo "2470"]
[BlackElo "2620"]
[Annotator "Blatny,P"]
[PlyCount "111"]
[EventDate "1994.08.??"]
[EventType "tourn"]
[EventRounds "11"]
[EventCountry "GER"]
[EventCategory "12"]
[SourceTitle "CBM 043"]
[Source "ChessBase"]
[SourceDate "1994.12.01"]
[SourceVersion "1"]
[SourceVersionDate "1994.12.01"]
[SourceQuality "1"]

1. e4 e5 2. Nf3 Nc6 3. d4 exd4 4. Nxd4 Nf6 5. Nxc6 bxc6 6. e5 Qe7 7. Qe2 Nd5 8.
Nd2 Nb4 (8... g6 9. Nf3 Bg7 10. c4 Ba6 11. Bg5 $36 {Buscher-Kishnev/Eupen/1993/
}) (8... Qe6 9. g3 Nb4 10. Nf3 Qg6 11. Kd1 Ba6 12. c4 c5 13. Bg2 O-O-O $13 {
Leko-Mainka/Lippstadt/1993/}) 9. Nf3 Ba6 10. c4 (10. Qd1 Bxf1 11. Kxf1 Qc5 12.
c3 Nd5 13. Qd3 Nb6 14. b3 Qd5 15. Qc2 $14 {Chernyshov-Berzinsh/Frydek Mistek/
1994/}) 10... c5 (10... d5 11. a3 Bxc4 12. Qd1 Bxf1 13. Kxf1 Na6 14. Qa4 Nb8
15. Bg5 Qe6 16. Rc1 Be7 17. Nd4 Qd7 18. h4 O-O 19. Rh3 $40 {Strikovic,A-Voiska,
M/Ibercaja op/1993/}) 11. a3 (11. Qe4 Rb8 {/\Bb7}) 11... Nc6 12. Bd2 Qe6 {
/\Be7,קc4} 13. Bc3 Be7 14. O-O-O O-O 15. h4 Rae8 16. Qe4 f6 17. Bd3 f5 18. Qf4
h6 19. Rhe1 Nd8 20. Nh2 Bb7 21. Nf1 Qg6 22. Ne3 Ne6 23. Qh2 Be4 24. f4 Bxd3 25.
Rxd3 d6 26. Nd5 Qf7 27. Qh3 (27. Qg3) 27... Bd8 28. exd6 $2 (28. Qg3 $142 dxe5
29. Bxe5 c6 30. Ne3 $14) 28... c6 $2 (28... Nxf4 $1 29. Nxf4 Rxe1+ 30. Bxe1
Qxc4+ 31. Kb1 Qxf4 32. d7 Qe4 $17 {_|_}) 29. d7 $1 cxd5 30. dxe8=Q Rxe8 31.
cxd5 Nxf4 32. Rxe8+ Qxe8 33. Re3 $1 Qf7 (33... Qd7 34. Qf3 Ng6 (34... Nxd5 $4
35. Rd3 $18) (34... Bc7 35. g3 Ng6 36. Rd3 $18 {_|_})) 34. Qf3 Bc7 35. Be5 Nxd5
36. Rd3 Bxe5 37. Qxd5 $18 {_|_} Bd4 (37... Qxd5 $2 38. Rxd5 Bd4 39. Rxf5) 38.
Qxf7+ Kxf7 39. Rb3 Kg6 40. Rb7 a5 41. Rd7 $1 (41. Ra7 Kh5 42. Rxa5 Kxh4 {
/\Kg3+/-}) 41... Bf6 (41... Kh5 $2 42. Rxd4 $1 cxd4 43. b4 $18) 42. Rd5 Be7 43.
Kd1 Kf6 44. Rd7 Ke6 45. Rc7 Bxh4 46. Rxg7 Bf6 47. Ra7 Bxb2 48. Rxa5 Kd5 49. Kc2
Bd4 50. Kd3 h5 51. Rb5 h4 52. a4 f4 53. a5 f3 54. gxf3 h3 55. a6 h2 56. a7 (56.
a7 h1=Q 57. a8=Q+ Ke6 (57... Ke5 58. f4+ $18) 58. Rb6+ $18) 1-0

[Event "Alushta4"]
[Site "Alushta"]
[Date "1994.??.??"]
[Round "3"]
[White "Golubev, Mikhail"]
[Black "Onischuk, Alexander"]
[Result "1/2-1/2"]
[WhiteElo "2560"]
[BlackElo "2535"]
[Annotator "Blatny,P"]
[PlyCount "68"]
[EventDate "1994.??.??"]
[EventType "tourn"]
[EventRounds "9"]
[EventCountry "UKR"]
[EventCategory "13"]
[SourceTitle "CBM 042"]
[Source "ChessBase"]
[SourceDate "1994.10.01"]
[SourceVersion "1"]
[SourceVersionDate "1994.10.01"]
[SourceQuality "1"]

1. e4 e5 2. Nf3 Nc6 3. d4 exd4 4. Nxd4 Bc5 5. Nxc6 Qf6 {קf2} 6. Qd2 dxc6 7.
Nc3 Be6 8. Na4 Rd8 9. Bd3 (9. Qf4 Bxf2+ 10. Kxf2 Qd4+ $19 {ע,Na4}) 9... Bd4
10. O-O a6 11. Nc3 (11. Kh1 c5 $5 {<->d}) (11. Qb4 Nh6 12. Qxb7 Ng4 $40 {
><0-0,><f2}) 11... c5 12. Nd5 (12. Kh1 c4 13. Be2 Ne7 $36) 12... Bxd5 13. exd5
Ne7 (13... Rxd5 $4 14. c3 $1 Be5 15. Bb5+ axb5 16. Qxd5 $18) 14. Re1 (14. c3
Be5 15. Re1 $13) 14... Rxd5 $1 15. Be4 (15. c3 $4 Bxf2+ $19) 15... Bxb2 $1 16.
Bxd5 (16. Bxb2 Rxd2 17. Bxf6 gxf6 18. Bxb7 Rxc2 19. Bxa6 $13) 16... Bxa1 17.
Bxb7 O-O 18. Qe2 Nc6 $10 19. Qxa6 (19. Bxa6 Nd4 20. Qd3 Nxc2 21. Qxc2 Qxa6 $10)
19... Qc3 $1 20. Qf1 (20. Rd1 $2 Qxc2 21. Qd3 Qxd3 22. Rxd3 Nd4 $17) 20... Nd4
21. Re3 Qxc2 $17 22. Ba3 Qxa2 23. Bxc5 Rd8 (23... Rb8 $142 {<->b,<->1}) 24. Ba6
$1 (24. Ra3 Qc2 25. Be7 Bb2 $1) 24... Qa5 25. Be7 Rb8 26. Bc4 Qa4 27. Bc5 (27.
Ra3 $2 Qxc4 28. Qxc4 $4 (28. Rxa1 $17) 28... Rb1+ 29. Qf1 Ne2+ 30. Kh1 Rxf1#)
27... Bb2 28. Re7 $132 Ne6 $8 29. Bxe6 fxe6 30. Rxe6 Qc2 31. Ba7 Rd8 32. g3 $10
Bf6 33. Qb5 h6 34. Qc6 Qxc6 1/2-1/2

[Event "World Women-ch"]
[Site "Jaen"]
[Date "1996.??.??"]
[Round "5"]
[White "Polgar, Zsuzsa"]
[Black "Xie, Jun"]
[Result "1-0"]
[WhiteElo "2550"]
[BlackElo "2530"]
[Annotator "Blatny,P"]
[PlyCount "49"]
[EventDate "1996.01.??"]
[EventType "match"]
[EventRounds "16"]
[EventCountry "ESP"]
[SourceTitle "CBM 052"]
[Source "ChessBase"]
[SourceDate "1996.06.01"]
[SourceVersion "1"]
[SourceVersionDate "1996.06.01"]
[SourceQuality "1"]

1. e4 {Ftacnik} e5 2. Nf3 Nc6 3. d4 exd4 4. Nxd4 Bc5 5. Nxc6 Qf6 6. Qd2 dxc6 7.
Nc3 (7. Bd3 Be6 8. Qf4 O-O-O 9. Nc3 Qxf4 10. Bxf4 Ne7 11. Bg3 f5 {Grigore,
N-Socko,B/WchJ-U16 Szeged (09) ;TD 94\01 1994/1-0 (53)}) (7. Bc4 Ne7 8. O-O O-O
9. Nc3 Be6 {1/2-1/2 Oral,T-Kalivoda,J/CZE-chT ;TD 93\08 1993}) 7... Be6 8. Na4
Rd8 (8... Bd6 9. Bd3 O-O-O 10. Qe2 Nh6 11. f3 Qd4 12. Nc3 Bb4 13. Bd2 c5 {
Grigore,N-Bagirov,R/EU-chJ U16 Herculane (08) ;TD 94\01 1994/1-0 (45)}) 9. Bd3
Bd4 10. c3 (10. O-O {-> 3rd game} b5 11. Nc3 Ne7 12. Kh1 Qh4 13. Ne2 Bb6 14. a4
{Chandler,M-Khalifman,A/BL 9394 (1993) ;BL 1994/1/2-1/2 (51)}) 10... b5 (10...
Bxf2+ 11. Qxf2 Rxd3 12. Qxf6 Nxf6 13. Nc5 Rd8 14. Nxb7 $13 (14. Nxb7 {Ftacnik}
Rb8 15. Nc5 O-O 16. O-O Rfe8 17. b3 (17. b4 Bc4 18. Re1 h6 19. a4 Re7 20. Be3
Rbe8 21. Bd4 Ng4 22. h3 Ne5 23. Kf2 Ng6 {1/2-1/2 Shrentzel,M-Sandor,C/Budapest
FS08 IM (03)/1994/ (41)}) 17... Bg4 18. h3 Bh5 19. Rxf6 gxf6 20. Nd7 Bg6 21.
Be3 a6 22. Bd4 Rbd8 23. Nxf6+ Kf8 24. Nxe8 Kxe8 25. Re1 {1/2-1/2 Oblitas,
C-Lobron,E/Moscow olm (05)/1994/ (54)})) (10... Be5 {Ftacnik} 11. Nc5 Bc4 12.
Qc2 Bxd3 13. Nxd3 Qd6 14. Nxe5 Qxe5 15. Be3 Nf6 16. O-O Ng4 17. g3 Nxe3 18.
fxe3 O-O 19. Rf4 Qe6 20. Qb3 Rd2 {0-1 Shrentzel,M-Grinshpun,E/Tel Aviv
Czerniak (10)/1994/ (31)}) (10... Qg6 $6 11. cxd4 Qxg2 12. Rf1 Rxd4 13. Nc5 $16
) 11. cxd4 bxa4 (11... Qxd4 12. Bc2 (12. Qc2 Qxd3 13. Qxd3 Rxd3 14. Nc5 Rd8 15.
Bf4 Rc8 16. Ke2 Ne7 17. Rac1 Bc4+ 18. Ke3 f5 19. f3 O-O 20. b3 Bf7 21. Rhd1
fxe4 22. fxe4 Rce8 {0-1 Sziebert,A-Siklosi,Z/HUN-chT1 9495 (04)/1995/ (34)})
12... bxa4 13. Qxd4 Rxd4 14. Bd2 Nf6 15. Bc3 Rc4 16. Bd3 Rc5 17. Bb4 Rg5 18.
Kf1 c5 19. Bd2 Rh5 20. Be2 Re5 21. f3 c4 22. Bc3 Rb5 23. Bd1 O-O 24. Bxa4 Rb6 {
1/2-1/2 Maiorov,O-Daniliuk,S/Novorossysk/1995/ (39)}) 12. Qc2 Qxd4 (12... Ne7
13. Be3 $14) (12... Bd7 13. Be3 $18) 13. Qxc6+ Kf8 $6 (13... Rd7 $142) (13...
Bd7 14. Qc4 $14) (13... Rd7 $5) 14. Be2 Ne7 $2 (14... Qb4+ 15. Kf1 (15. Qc3
Qxc3+ (15... Qxe4 16. Be3 (16. Qxc7 Qb4+ 17. Qc3 $14) 16... Qxg2 17. Bf3 Qg6
18. Qxc7 $40) 16. bxc3 $14) 15... Ne7 (15... Qd4) (15... Bc4 16. Bxc4 Ne7 17.
Qa6 Rd1+ 18. Ke2 Rxh1 19. Bd2 Qxd2+ 20. Kxd2 Rxa1 21. Qxa7 $18) 16. Qxc7 Rc8
17. Qf4 $16) 15. Qc2 (15. Qxc7 Rc8 16. Qb7 Rc2 17. Be3 Qxb2 18. Qxb2 Rxb2 19.
O-O-O Rb8 20. Bxa7 $16) 15... f5 16. O-O (16. exf5 Bxf5 17. Qxc7 a3 18. Qc3 $16
) 16... Qxe4 (16... fxe4 $2 17. Rd1) 17. Qxc7 Kf7 (17... Rc8 18. Qd6 Qxe2 19.
Bg5 Bc4 (19... Bxa2 20. Rfe1 (20. Rxa2 h6 21. b3 $18) 20... Qxb2 21. Qxe7+ Kg8
22. Reb1 a3 (22... Bxb1 23. Qe6+ Kf8 24. Be7+ Ke8 25. Bd6+ Kd8 26. Qe7#) 23.
Bf4 $18) 20. Rfe1) 18. Bh5+ g6 (18... Kf6 19. Bf3 Qb4 20. Qxa7 $18) 19. Bf3 Qc4
20. Qxa7 Qd4 (20... Rd7 21. Qe3 Rhd8 22. Re1 Bd5 23. Bxd5+ Qxd5 24. Qh6 Kg8 25.
Bg5 $14) (20... Rhe8 21. Bg5 Rd7 22. Qa5 {/\Rac1+/-}) 21. Qa5 (21. Qxd4 Rxd4
22. Be3 Rb4 23. a3 Rb3 24. Bd4 $16) 21... Nd5 $2 (21... Rhe8 22. Be3 Qxb2 23.
Qxa4 Kg8 24. Bg5 Qd4 25. Qxd4 Rxd4 26. Rfe1 Nd5) 22. Rd1 Qc4 23. Bg5 Rd7 (23...
Ra8 24. Qxd5 Bxd5 25. Bxd5+ $18) 24. Rac1 Qxa2 (24... Qb4 25. Rxd5 $18) 25.
Bxd5 (25. Bxd5 Bxd5 26. Rc7 $18) 1-0

[Event "Pardubice"]
[Site "Pardubice"]
[Date "1993.??.??"]
[Round "3"]
[White "Blatny, Pavel"]
[Black "Malaniuk, Vladimir P"]
[Result "0-1"]
[WhiteElo "2510"]
[BlackElo "2635"]
[Annotator "Blatny,P"]
[PlyCount "148"]
[EventDate "1993.07.??"]
[EventType "tourn"]
[EventRounds "9"]
[EventCountry "CZE"]
[EventCategory "14"]
[SourceTitle "CBM 037"]
[Source "ChessBase"]
[SourceDate "1993.12.01"]
[SourceVersion "1"]
[SourceVersionDate "1993.12.01"]
[SourceQuality "1"]

1. e4 e5 2. Nf3 Nc6 3. d4 exd4 4. Nxd4 Bc5 5. Be3 Qf6 6. c3 Nge7 7. Bc4 Ne5 8.
Be2 d5 $5 (8... Qg6 9. O-O h5 $5 (9... Qxe4 $2 10. Nb5 Qc6 11. Bxc5 Qxc5 12.
Qd4 $1 $18) 10. f3 d5 11. Nd2 Bb6 12. Kh1 Bd7 13. a4 a5 14. Bg1 $13 {
Kindermann,S-Blatny,P/Bad Woerishofen op/1992/}) 9. O-O O-O (9... Qg6 10. Bh5
$1 Qxe4 (10... Qb6 11. b4 $16) 11. Nb5 Bxe3 (11... Bd6 12. Bxa7 $16) 12. Nxc7+
Kd8 13. Nxa8 Bc5 14. Nd2 $16) (9... dxe4 $2 10. Nb5 Bd6 (10... Qc6 11. Bxc5
Qxc5 12. Qd4 $18) 11. Bc5 $1 O-O $8 12. Nxd6 cxd6 13. Qxd6 $1 Qxd6 14. Bxd6
N5c6 15. Nd2 Re8 16. Rfe1 Bf5 17. Rad1 Rad8 18. Nb3 {+/-/+- _|_,
Steingrimsson-Malaniuk/Kecskemet/1991/}) 10. Nd2 $6 (10. f4 $142 $14) 10... Bb6
11. a4 (11. f4 $6 Qh6 $1 {ץe3}) (11. Nc2 Rd8 $10) 11... N5c6 12. exd5 (12.
Nxc6 bxc6 13. exd5 cxd5 14. Bxb6 axb6 $15) (12. Nc2 $5 $10) 12... Nxd5 13. Ne4
$6 (13. Bf3 Nxe3 14. fxe3 Qe7 $15 15. Nc4) 13... Qh4 14. Bf3 $8 Nxe3 15. fxe3
a6 $6 (15... Bd7 $15) 16. Nxc6 Bxe3+ $2 (16... bxc6 17. Nf2 $13) 17. Nf2 bxc6
18. Bxc6 Rb8 19. Qf3 $1 $13 Ba7 20. b4 Be6 {/\Bc4,פf2} 21. Kh1 $1 Bc4 22. Nd3
Rbd8 23. Rfd1 Bb3 (23... Rd6 $5 24. Ne5 (24. g3 Qg5 25. Nb2 Rf6 26. Qe4 Bb3 $1
{/\Rxc6-+}) 24... Rh6 25. h3 Rf6 $36) 24. Re1 Rd6 25. Ne5 Re6 26. b5 a5 (26...
axb5 $142 27. axb5 Bc5 28. Re4 Qf2 $10) 27. Re4 Qe7 (27... Qf2 $5 28. Qxf2 Bxf2
29. Rf1 Bb6 $10) 28. Rae1 Qd6 (28... Bc2 29. R4e2 Bxa4 $2 30. b6 $3 Bxc6 31.
Nxc6 Qd6 (31... Qh4 32. Rxe6 fxe6 33. Qxf8+ $1 Kxf8 34. Rf1+ Ke8 35. bxa7 $18)
32. Rxe6 (32. bxa7 Rxe2 33. Qxe2 Qxc6 34. Rb1 Qa8 35. Qa6 $16) 32... fxe6 33.
bxa7 Rxf3 34. a8=Q+ Rf8 35. Qa6 $18 {_|_}) 29. Nd7 $1 Rd8 (29... Rxe4 $6 30.
Qxe4 Bf2 $8 31. Nxf8 (31. Rf1 Rd8 32. c4 Ba7 33. Bd5 $1 Bxc4 (33... Qxd7 34.
Rxf7 Qxf7 35. Bxf7+ Kxf7 36. Qf3+ $18) 34. Bxc4 Qxd7 35. Rxf7 Qd1+ 36. Rf1+ Kh8
37. Bd3 Qh5 38. Qe7 Qd5 39. Rf3 $16 {_|_}) 31... Bxe1 32. Qxe1 $1 (32. Qxh7+
Kxf8 33. Qh8+ Ke7 34. Qe8+ Kf6 35. Qxe1 Qd1 $1 36. Qxd1 Bxd1 37. b6 $8 (37. c4
$2 Bxa4 38. c5 Ke5 39. Be8 Bb3 40. b6 cxb6 41. cxb6 Kd6 $19) 37... cxb6 38. Kg1
Ke5 39. Kf2 $10) 32... Qxf8 33. c4 $1 Qd8 (33... Qb4 $4 34. Qxb4 axb4 35. a5
$18) 34. c5 $1 Bxa4 35. h3 {/\Qxa5,b6 +- Pb _|_}) 30. c4 $5 Bxc4 (30... Rxe4
$142 31. Qxe4 h6 32. Qe8+ (32. Ne5 Qd4 $1 33. Qe2 $5) (32. Rf1 Qe6 $1 (32...
Bd4 $6 33. Rxf7 $1 $40) 33. Qxe6 fxe6 34. c5 Bxa4 $17) 32... Rxe8 33. Rxe8+ Kh7
34. Nf8+ $10) 31. Ne5 Ba2 $4 $138 (31... f5 $8 32. Qxf5 Rf6 $1 33. Nxc4 Rxf5 (
33... Qf8 34. Qxf6 $1 Qxf6 (34... gxf6 35. Re8 $18) 35. Re8+ {/\Ne5 +-}) 34.
Nxd6 Rxd6 35. Re7 Bb6 36. Be4 $14) 32. Qxf7+ Kh8 33. Qf4 $4 $138 (33. Ng6+ $1
Rxg6 (33... hxg6 34. Rh4#) 34. Re8+ {/\#}) 33... Rf8 34. Qc1 (34. Nf7+ $142
Rxf7 35. Qxd6 cxd6 36. Rxe6 Bxe6 37. Bd5 $1 g6 (37... Bxd5 $2 38. Re8+ Rf8 39.
Rxf8+ Bg8 40. Ra8 Bb6 41. Rb8 Ba7 42. Rb7 Bc5 43. b6 $18 {_|_}) 38. Bxe6 Re7
39. Re4 $10) 34... Bb3 35. h3 $2 (35. Nf3 Rxe4 $10) 35... Bf2 $1 36. R1e2 Bg3
37. Rd2 $4 Qe7 $4 (37... Qxd2 $19) 38. Rd7 $2 (38. Rd3 $142) 38... Qf6 $2 (
38... Qg5 $1 $19) 39. Nf3 $8 Rxe4 40. Bxe4 Bxa4 41. Bc6 Bd6 42. Qe1 Qf4 43. Qa1
Rg8 44. g3 (44. Rxd6 cxd6 45. Nd4 Bxb5 $1 46. Bxb5 $17 {_|_}) 44... Qxg3 45.
Rxd6 (45. Qxa4 Qxh3+ 46. Kg1 Bc5+ 47. Nd4 Qg3+ 48. Bg2 (48. Kh1 Re8 $19) 48...
Re8 49. Rf7 Qh4 $19) 45... Qxh3+ 46. Nh2 $8 cxd6 47. Qxa4 Qc3 $1 (47... Rf8 48.
Bg2 Qc3 49. Nf1) 48. Nf3 g5 49. b6 g4 (49... Qc1+ $6 50. Ng1 {/\b7<=>}) 50.
Qd4+ (50. Ng1 Rg6 $19) 50... Qxd4 51. Nxd4 a4 $1 52. Nb5 (52. Bxa4 $5 Rb8 53.
Kg2 Rxb6 54. Nf5 $17) 52... Rb8 53. b7 h5 54. Kg2 (54. Nxd6 $142 a3 55. Bd5 Kg7
56. Nb5 (56. Kh2 Kf6 57. Nb5 Ke5 58. Bc4 Rxb7 59. Nxa3 Rb2+ $1 60. Kg1 (60. Kg3
Kf6 $1 $19) 60... Kf4 $19) 56... Rxb7 57. Nxa3 Rd7 58. Bc6 Rd1+ 59. Kh2 h4 60.
Nc4 {-/+/-+ _|_}) 54... h4 55. Bd5 Kg7 56. Na3 $6 (56. Nxd6 $8 a3 57. Nb5 Rxb7
58. Nxa3 Rd7 59. Be4 Rd4 {-/+/-+}) 56... Kf6 57. Nc4 Kf5 58. Kh2 Kf6 59. Kg2
Kg5 60. Kh2 Kf4 61. Kg2 h3+ 62. Kh2 Rh8 $19 63. Nxd6 g3+ 64. Kg1 Rb8 65. Nc4
Kg5 66. Bc6 Kh4 67. Bxa4 (67. Kh1 a3 $1 68. Nxa3 Rf8 $19) 67... Rxb7 68. Ne3
Rb1+ 69. Bd1 Kg5 70. Kf1 Kf4 71. Nd5+ Kg5 72. Ne3 Ra1 73. Kg1 Kf4 74. Nd5+ Ke4
0-1